| 000 | 02138nam2a22003251 4500 | ||
|---|---|---|---|
| 001 | v19\rc\1351792 | ||
| 005 | 20250618075356.0 | ||
| 035 | _a(NLR Aleph) 004496642 | ||
| 090 |
_a4674659 _c4674659 |
||
| 100 | _a20060512d1897 |||y0rusy50 ca | ||
| 101 | 0 | _arus | |
| 102 | _aRU | ||
| 105 | _ay z ||||| | ||
| 200 | 0 | _a... 19-го обыкновенного... 9-го марта 1897 года | |
| 210 |
_d1897 _aБ. м. |
||
| 215 | _a[2], 68 с. | ||
| 300 | _aОбщ. загл. вып.: Журнал 19-го обыкновенного общего собрания членов С.-Петербургского благотворительного общества последователей гомеопатии 9-го марта 1897 года | ||
| 461 | 0 |
_1001v19\rc\1351779 _12001#$a...Общее собрание членов С.-Петербургского благотворительного общества Последователей гомеопатии...$v... 19-го обыкновенного... 9-го марта 1897 года _94674600 _aПетербургское благотворительное общество последователей гомеопатии _cС.-Петербург _d1884-1914 _tОбщее собрание членов С.-Петербургского благотворительного общества Последователей гомеопатии... _v... 19-го обыкновенного... 9-го марта 1897 года |
|
| 517 | 1 |
_aЖурнал 19-го обыкновенного общего собрания членов С.-Петербургского благотворительного общества последователей гомеопатии 9-го марта 1897 года _zrus |
|
| 801 | 0 |
_aRU _bNLR _gpsbo |
|
| 801 | 0 |
_aRU _bRuMoRGB _2psbo |
|
| 801 | 1 |
_aRU _bProSoft-M _2rusmarc |
|
| 801 | 2 |
_aRU _bNLR _c20150129 _2rusmarc |
|
| 852 |
_aNLR _j18.292.7.80 (1) |
||
| 899 |
_aRuMoRGB (1884-1914*) _jV 225/7 |
||
| 899 |
_aRuMoRGB (1884-1914*) _jV 22/614 |
||
| 899 |
_aRuMoRGB (1884-1914*) _jV 381/661 |
||
| 899 | _aБАН (1884-1914*) | ||
| 942 | _cBOOK | ||
| 980 | _aNB | ||